000 00343nam a2200145Ia 4500
008 191206s9999 xx 000 0 und d
020 _a60168609
090 _aPS3552.A49C57
245 0 _aCloudsplitter: a novel
250 _a1st ed.
260 _aHarperFlamingo
260 _ccc1998
300 _a758 p. ; 25 cm.
999 _c15692
_d15692